000 00492nam a22001817a 4500
003 CEME
005 20210628202329.0
008 210121b xxu||||| |||| 00| 0 eng d
020 _a0-8247-0261-1
040 _c.
082 _a620.0042 COO
100 _aCooper , Kenneth .G
_959376
245 _aRapid prototyping technology selection and applicaiton
260 _aNEW YORK
_bMARCEL DEKKER
_c2001
300 _aX,228P
650 _aRAPID PROTOTYPING TECHNOLOGY
_959377
942 _cBK
_2ddc
999 _c569379
_d569379